THE MINES & MINERALS ( DEVELOPMENT & REGULATION) ACT, 1957 : [ ACT67 OF 1957, DT. 28-12-1957] (Record no. 9092)

MARC details
000 -LEADER
fixed length control field 00438nam a22001577a 4500
005 - DATE AND TIME OF LATEST TRANSACTION
control field 20260311170845.0
008 - FIXED-LENGTH DATA ELEMENTS--GENERAL INFORMATION
fixed length control field 260311b |||||||| |||| 00| 0 eng d
041 ## - LANGUAGE CODE
Language code of text/sound track or separate title eng
082 ## - DEWEY DECIMAL CLASSIFICATION NUMBER
Classification number 622.097 54 BAR-M
100 ## - MAIN ENTRY--AUTHOR NAME
Personal name BARE ACT
245 ## - TITLE STATEMENT
Title THE MINES & MINERALS ( DEVELOPMENT & REGULATION) ACT, 1957 : [ ACT67 OF 1957, DT. 28-12-1957]
260 ## - PUBLICATION, DISTRIBUTION, ETC. (IMPRINT)
Place of publication COMMERCIAL LAW PUBLISHERS PVT.LTD
300 ## - PHYSICAL DESCRIPTION
Number of Pages 922;P
650 ## - SUBJECT ADDED ENTRY--TOPICAL TERM
Topical Term MINING
942 ## - ADDED ENTRY ELEMENTS (KOHA)
Koha item type Books
Holdings
Lost status Damaged status Collection code Home library Current library Shelving location Date acquired Source of acquisition Cost, normal purchase price Serial Enumeration / chronology Full call number Accession Number Koha item type
    MINING JRU Library JRU Library NEW ARRIVAL SHELF 09/03/2026 PURCHASE 1195.00 LBI/000884, DATE-06/03/2026 622.097 54 BARE ACT 29388 Books
    MINING JRU Library JRU Library NEW ARRIVAL SHELF 09/03/2026 PURCHASE 1195.00 LBI/000884, DATE-06/03/2026 622.097 54 BARE ACT 29389 Books